Population : (Record no. 26953)
[ view plain ]
| 000 -LEADER | |
|---|---|
| fixed length control field | 02087cam a22003615a 4500 |
| 001 - CONTROL NUMBER | |
| control field | 19010524 |
| 005 - DATE AND TIME OF LATEST TRANSACTION | |
| control field | 20201128024359.0 |
| 008 - FIXED-LENGTH DATA ELEMENTS--GENERAL INFORMATION | |
| fixed length control field | 160310t2016 mauab frb 001 0 eng d |
| 010 ## - LIBRARY OF CONGRESS CONTROL NUMBER | |
| LC control number | 2014947006 |
| 020 ## - INTERNATIONAL STANDARD BOOK NUMBER | |
| International Standard Book Number | 9781305094505 |
| 020 ## - INTERNATIONAL STANDARD BOOK NUMBER | |
| International Standard Book Number | 1305094506 |
| 035 ## - SYSTEM CONTROL NUMBER | |
| System control number | (OCoLC)ocn884617656 |
| 040 ## - CATALOGING SOURCE | |
| Original cataloging agency | YDXCP |
| Language of cataloging | eng |
| Transcribing agency | YDXCP |
| Modifying agency | BTCTA |
| -- | TXA |
| -- | OCLCF |
| -- | COO |
| -- | P4A |
| -- | DLC |
| -- | EG-ScBUE |
| 042 ## - AUTHENTICATION CODE | |
| Authentication code | pcc |
| 082 04 - DEWEY DECIMAL CLASSIFICATION NUMBER | |
| Classification number | 304.6 |
| Item number | WEE |
| Edition number | 22 |
| 100 1# - MAIN ENTRY--PERSONAL NAME | |
| Personal name | Weeks, John Robert, |
| Dates associated with a name | 1944- |
| 9 (RLIN) | 2702 |
| 245 10 - TITLE STATEMENT | |
| Title | Population : |
| Remainder of title | an introduction to concepts and issues / |
| Statement of responsibility, etc | John R. Weeks. |
| 250 ## - EDITION STATEMENT | |
| Edition statement | 12th ed. |
| 260 ## - PUBLICATION, DISTRIBUTION, ETC. (IMPRINT) | |
| Place of publication, distribution, etc | Boston : |
| Name of publisher, distributor, etc | Cengage Learning, |
| Date of publication, distribution, etc | c.2016. |
| 300 ## - PHYSICAL DESCRIPTION | |
| Extent | xxv, 580 p. : |
| Other physical details | ill., maps ; |
| Dimensions | 24 cm. |
| 504 ## - BIBLIOGRAPHY, ETC. NOTE | |
| Bibliography, etc | Includes bibliographical references and index. |
| 505 0# - FORMATTED CONTENTS NOTE | |
| Formatted contents note | A demographic perspective -- Introduction to demography -- Global population trends -- Demographic perspectives -- Demographic data -- Population processes -- The heath and mortality transition -- The fertility transition -- The migration transition -- Population structure and characteristics -- The age transition -- The urban transition -- The family and household transition -- Using the demographic perspective -- Population and sustainability -- What lies ahead? |
| 520 ## - SUMMARY, ETC. | |
| Summary, etc | This text presents the basic demographic concepts and related population growth topics. Each chapter features a short essay on the social impact of a particular population concept. The political implications of population issues and Third World problems are also discussed. |
| 650 #7 - SUBJECT ADDED ENTRY--TOPICAL TERM | |
| Topical term or geographic name as entry element | Population |
| Form subdivision | Textbooks. |
| Source of heading or term | BUEsh |
| 651 ## - SUBJECT ADDED ENTRY--GEOGRAPHIC NAME | |
| Source of heading or term | BUEsh |
| 653 ## - INDEX TERM--UNCONTROLLED | |
| Resource For college | BAEPS, Economics |
| Arrived date list | November2018 |
| 655 ## - INDEX TERM--GENRE/FORM | |
| Form subdivision | Text book |
| -- | 33728 |
| 856 42 - ELECTRONIC LOCATION AND ACCESS | |
| Materials specified | Contributor biographical information |
| Uniform Resource Identifier | <a href="https://www.loc.gov/catdir/enhancements/fy1613/2014947006-b.html">https://www.loc.gov/catdir/enhancements/fy1613/2014947006-b.html</a> |
| 856 42 - ELECTRONIC LOCATION AND ACCESS | |
| Materials specified | Publisher description |
| Uniform Resource Identifier | <a href="https://www.loc.gov/catdir/enhancements/fy1613/2014947006-d.html">https://www.loc.gov/catdir/enhancements/fy1613/2014947006-d.html</a> |
| 856 41 - ELECTRONIC LOCATION AND ACCESS | |
| Materials specified | Table of contents only |
| Uniform Resource Identifier | <a href="https://www.loc.gov/catdir/enhancements/fy1613/2014947006-t.html">https://www.loc.gov/catdir/enhancements/fy1613/2014947006-t.html</a> |
| 856 42 - ELECTRONIC LOCATION AND ACCESS | |
| Materials specified | For study guides, solutions and more |
| Uniform Resource Identifier | <a href="www.cengagebrain.com/studytools">www.cengagebrain.com/studytools</a> |
| 942 ## - ADDED ENTRY ELEMENTS (KOHA) | |
| Source of classification or shelving scheme | Dewey Decimal Classification |
| Withdrawn status | Item status | Source of classification or shelving scheme | Damaged status | Not for loan | Vendor | Home library | Current library | Shelving location | Date acquired | Source of acquisition | Cost, normal purchase price | Total Checkouts | Total Renewals | Full call number | Barcode | Date last seen | Date last borrowed | Koha item type |
|---|---|---|---|---|---|---|---|---|---|---|---|---|---|---|---|---|---|---|
| Dewey Decimal Classification | Baccah | Central Library | Central Library | First floor | 05/11/2018 | Purchase | 620.00 | 3 | 20 | 304.6 WEE | 000043820 | 15/07/2025 | 21/12/2021 | Book - Borrowing | ||||
| Dewey Decimal Classification | Baccah | Central Library | Central Library | First floor | 05/11/2018 | Purchase | 620.00 | 3 | 12 | 304.6 WEE | 000043821 | 15/07/2025 | 22/12/2021 | Book - Borrowing | ||||
| Dewey Decimal Classification | Baccah | Central Library | Central Library | First floor | 05/11/2018 | Purchase | 1 | 304.6 WEE | 000043822 | 15/07/2025 | 07/07/2019 | Book - Borrowing | ||||||
| Dewey Decimal Classification | Baccah | Central Library | Central Library | First floor | 05/11/2018 | Purchase | 620.00 | 6 | 11 | 304.6 WEE | 000043823 | 15/07/2025 | 11/12/2019 | NB - Book (Non borrowing) | ||||
| Dewey Decimal Classification | Baccah | Central Library | Central Library | First floor | 05/11/2018 | Purchase | 6 | 12 | 304.6 WEE | 000043824 | 15/07/2025 | 31/10/2019 | Book - Borrowing |